Il vampiro /

Saved in:
Bibliografiske detaljer
Hovedforfatter: Polidori, John William (Author)
Andre forfattere: Brilli, Attilio (Editor), Cragnolini, Tonino (Illustrator), Randazzo, Angelo (Translator)
Format: Bog
Sprog:italiensk
Udgivet: [Genova] : Il melangolo, 1984
Serier:I libri con le figure ; 9
Tags: Tilføj Tag
Ingen Tags, Vær først til at tagge denne postø!

MARC

LEADER 00000nam a22000007i 4500
001 IT\ICCU\LO1\0008598
003 ItRI
005 20260115231917.0
008 960515s1984 it |||||| ||||| |||||c
020 |a 8870180336 
040 |b ita  |c importazione bologna sebina 
041 7 |a ita  |2 ISO-639-2 
082 |a 823.7  |9 NARRATIVA INGLESE, 1800-1837  |2 23 
100 1 |a Polidori, John William  |0 IT\ICCU\CFIV\033795  |4 aut 
240 1 4 |a The vampyre  |3 IT\ICCU\CFI\0052714  |9 Polidori, John William 
245 1 3 |a Il vampiro /  |c John William Polidori ; illustrazioni di Tonino Cragnolini ; a cura di Attilio Brilli. 
260 |a [Genova] :  |b Il melangolo,  |c 1984 
300 |a 73 p., [10] c. di tav. :  |b ill. ;  |c 21 cm 
500 |a Autore delle illustrazioni  |0 IT\ICCU\LO1V\006257 
500 |a Curatore  |0 IT\ICCU\CFIV\027936 
500 |a Trad. di A. Brilli e Angelo Randazzo. 
700 1 |a Brilli, Attilio  |0 IT\ICCU\CFIV\027936  |4 edt 
700 1 |a Cragnolini, Tonino  |0 IT\ICCU\LO1V\006257  |4 ill 
700 1 |a Randazzo, Angelo  |0 IT\ICCU\PALV\052405  |4 trl 
790 1 |a Polidori, John  |3 IT\ICCU\CFIV\045233  |z Polidori, John William 
830 2 |a I libri con le figure ;  |v 9  |0 IT\ICCU\CFI\0033370 
942 |2 ddc  |c BK  |n 0 
952 |0 0  |1 0  |4 0  |6 DOC_823_700000000000000_POL  |7 0  |9 16222  |a BO  |b BO  |d 2026-01-15  |i 9718  |l 0  |o DOC 823.7 POL  |p BO9718  |r 2026-01-15 23:19:17  |w 2026-01-15  |x [Sebina 5] [1 v.]  |y BK  |z 1 v. 
999 |c 13925  |d 13925